BASIC ELECTRONICS AND LINEAR CIRCUITS (Record no. 9404)
[ view plain ]
| 000 -LEADER | |
|---|---|
| fixed length control field | 00826nam a22001697a 4500 |
| 003 - CONTROL NUMBER IDENTIFIER | |
| control field | SGT |
| 020 ## - INTERNATIONAL STANDARD BOOK NUMBER | |
| International Standard Book Number | 9781259006463 |
| 082 ## - DEWEY DECIMAL CLASSIFICATION NUMBER | |
| Classification number | 621.38153 |
| 100 ## - MAIN ENTRY--PERSONAL NAME | |
| Personal name | BHARGAVA,N.N |
| 245 ## - TITLE STATEMENT | |
| Title | BASIC ELECTRONICS AND LINEAR CIRCUITS |
| 250 ## - EDITION STATEMENT | |
| Edition statement | 2ND |
| 260 ## - PUBLICATION, DISTRIBUTION, ETC. (IMPRINT) | |
| Place of publication, distribution, etc | NEW DELHI |
| Name of publisher, distributor, etc | TMH |
| Year of Publication | 2015 |
| 300 ## - PAGE DESCRIPTION | |
| No. of Pages | 482 |
| 650 ## - SUBJECT ADDED ENTRY--TOPICAL TERM | |
| Topical term or geographic name as entry element | ELECTRONICS |
| 653 ## - KEYWORDS--INDEX TERM | |
| Keyword term | UNIT 1 INTRODUCTION TO ELECTRONICS UNIT 2 CURRENT AND VOLTAGE SOURCES UNIT 3 SEMICONDUCTOR PHYSICS UNIT 4 SEMICONDUCTOR DIODE UNIT 5 BIPOLAR JUNCTION TRANSISTORS (BJTS) UNIT 6 FIELD EFFECT TRANSISTORS (FETS) UNIT 7 TRANSISTOR BIASING AND STABILISATION OF OPERATING POINT UNIT 8 SMALL-SIGNAL AMPLIFIERS UNIT 9 MULTI-STAGE AMPLIFIERS UNIT 10 POWER AMPLIFIERS UNIT 11 TUNED VOLTAGE AMPLIFIERS UNIT 12 FEEDBACK IN AMPLIFIERS UNIT 13 OSCILLATORS UNIT 14 ELECTRONIC INSTRUMENTS |
| 942 ## - ADDED ENTRY ELEMENTS (KOHA) | |
| Source of classification or shelving scheme | Dewey Decimal Classification |
| Koha item type | FPS Books |
| Withdrawn status | Lost status | Source of classification or shelving scheme | Damaged status | Not for loan | Collection code | Home library | Current library | Shelving location | Date acquired | Vendor Name | Cost, normal purchase price | SGTU | Bill Number | Total Checkouts | Full call number | Accession No. (Barcode) | Date last seen | Bill Date | Koha item type | Date last borrowed |
|---|---|---|---|---|---|---|---|---|---|---|---|---|---|---|---|---|---|---|---|---|
| Dewey Decimal Classification | SCIENCE | SGT Science & Social Sciences Library | SGT Science & Social Sciences Library | On Display | 01/07/2016 | KIRTI PRAKSHAN | 375.00 | SGTU | 2947 | 621.38153 | PS967 | 01/07/2016 | 19/09/2015 | FPS Books | ||||||
| Dewey Decimal Classification | SCIENCE | SGT Science & Social Sciences Library | SGT Science & Social Sciences Library | On Display | 01/07/2016 | KIRTI PRAKSHAN | 375.00 | SGTU | 2947 | 1 | 621.38153 | PS968 | 06/02/2020 | 19/09/2015 | FPS Books | 21/01/2020 |